书目信息 |
| 题名: |
深入理解LINUX内核
|
|
| 作者: | 博韦 , 西斯特 著 ;陈莉君 , 张琼声 , 张宏伟 译 | |
| 分册: | ||
| 出版信息: | 北京 中国电力出版社 2007.09 |
|
| 页数: | 896页 | |
| 开本: | 23cm | |
| 丛书名: | ||
| 单 册: | ||
| 中图分类: | TP316.89 | |
| 科图分类: | ||
| 主题词: | LINUX操作系统--LINUX cao zuo xi tong | |
| 电子资源: | ||
| ISBN: | 978-7-5083-5394-4 | |
| 000 | 01338nam0 2200313 450 | |
| 001 | 012008181648 | |
| 005 | 20080605155420.62 | |
| 010 | @a978-7-5083-5394-4@dCNY98.00 | |
| 100 | @a20080605d2007 em y0chiy0120 ea | |
| 101 | 1 | @achi@ceng |
| 102 | @aCN@b110000 | |
| 105 | @ay a 001yy | |
| 106 | @ar | |
| 200 | 1 | @a深入理解LINUX内核@Ashen ru li jie LINUX nei he@fDaniel P.Bovet, Marco Cesati著@FDaniel P.Bovet,Marco Cesati zhu@g陈莉君, 张琼声, 张宏伟译@Gchen li jun,zhang qiong sheng,zhang hong wei yi |
| 210 | @a北京@c中国电力出版社@d2007.09 | |
| 215 | @a896页@d23cm | |
| 305 | @a据原书第三版译出 | |
| 314 | @a责任者Bovet, Cesati规范汉译姓: 博韦, 西斯特 | |
| 320 | @a有书目 (第842-845页) 和索引 | |
| 330 | @a本书主要描述了Linux如何与其他著名的Linux系统竞争、内存寻址、进程、中断和异常、内核同步、定时测量、进程调度、内存管理、进程地址空间、系统调用、信号、虚拟文件系统、体系结构和设备驱动程序、块设备驱动程序、页高速缓存、程序的执行等内容。 | |
| 606 | 0 | @aLINUX操作系统@ALINUX cao zuo xi tong |
| 690 | @aTP316.89@v4 | |
| 701 | 1 | @a博韦@Abo wei@g(Bovet, Daniel P.)@4著 |
| 701 | 1 | @a西斯特@Axi si te@g(Cesati, Marco)@4著 |
| 702 | 0 | @a陈莉君@Achen li jun@4译 |
| 702 | 0 | @a张琼声@Azhang qiong sheng@4译 |
| 702 | 0 | @a张宏伟@Azhang hong wei@4译 |
| 801 | 0 | @aCN@bQSSK@c20080605 |
| 905 | @b724879-80@dTP316.89@eB961@f2 | |
| 深入理解LINUX内核/Daniel P.Bovet, Marco Cesati著/陈莉君, 张琼声, 张宏伟译.-北京:中国电力出版社,2007.09 |
| 896页;23cm |
| ISBN 978-7-5083-5394-4:CNY98.00 |
| 本书主要描述了Linux如何与其他著名的Linux系统竞争、内存寻址、进程、中断和异常、内核同步、定时测量、进程调度、内存管理、进程地址空间、系统调用、信号、虚拟文件系统、体系结构和设备驱动程序、块设备驱动程序、页高速缓存、程序的执行等内容。 |
| ● |
| 相关链接 |
|
|
|
正题名:深入理解LINUX内核
索取号:TP316.89/B961
 
预约/预借
| 序号 | 登录号 | 条形码 | 馆藏地/架位号 | 状态 | 备注 |
| 1 | 724879 | 207248799 | 自科库301/404自科库 15排2列1层/ [索取号:TP316.89/B961] | 在馆 | |
| 2 | 724880 | 207248806 | 期刊室512/301自科库 52排6列4层/ [索取号:TP316.89/B961] | 在馆 |